[Event "NOR-ch U20"]
[Site "Stavanger"]
[Date "2017.07.04"]
[Round "5"]
[White "Jarve, Edvin"]
[Black "Skjolas, Erling Dyrhaug"]
[Result "1-0"]
[WhiteElo "1843"]
[BlackElo "1837"]
[PlyCount "95"]
[EventDate "2017.07.01"]
[EventType "swiss"]
[EventRounds "9"]
[EventCountry "NOR"]
[SourceTitle "EXT 2018"]
[Source "ChessBase"]
[SourceDate "2017.10.13"]
[SourceVersion "1"]
[SourceVersionDate "2017.10.13"]
[SourceQuality "1"]

1. d4 Nf6 2. c4 g6 3. Nc3 Bg7 4. e4 d6 5. f3 0-0 6. Be3 Nc6 7. Nge2 e5 8. d5 Ne7 9. g4 Ne8 10. Ng3 f5 11. gxf5 gxf5 12. Bf2 f4 13. Nge2 Ng6 14. Qd3 Nh4 15. 0-0-0 Kh8 16. Kb1 Bf6 17. Rc1 Bd7 18. c5 a6 19. Ka1 Rg8 20. Rg1 Rxg1 21. Nxg1 Be7 22. cxd6 cxd6 23. Bh3 Bxh3 24. Nxh3 Qd7 25. Ng1 Rc8 26. Kb1 b5 27. Nce2 Ng2 28. Rxc8 Qxc8 29. Qc2 Qxc2+ 30. Kxc2 Bd8 31. b4 Kg7 32. Kb3 Kf7 33. a4 bxa4+ 34. Kxa4 Nf6 35. b5 axb5+ 36. Kxb5 Be7 37. Nc1 Nd7 38. Nd3 h6 39. Nb4 Ke8 40. Nc6 Bh4 41. Bxh4 Nxh4 42. Na7 Nf6 43. Kc6 Nxf3 44. Nxf3 Nxe4 45. Nc8 Kd8 46. Nxd6 Nxd6 47. Kxd6 e4 48. Nd2 1-0

[Event "Helsingor Xtracon op"]
[Site "Helsingor"]
[Date "2016.07.31"]
[Round "10"]
[White "Skjolas, Erling Dyrhaug"]
[Black "Vesterli, Michael"]
[Result "1/2-1/2"]
[WhiteElo "1709"]
[BlackElo "2141"]
[PlyCount "68"]
[EventDate "2016.07.23"]
[EventType "swiss"]
[EventRounds "10"]
[EventCountry "DEN"]
[SourceTitle "CBM 173 Extra"]
[Source "ChessBase"]
[SourceDate "2016.08.29"]
[SourceVersion "1"]
[SourceVersionDate "2016.08.29"]
[SourceQuality "1"]

1. c4 Nf6 2. g3 g6 3. Bg2 Bg7 4. Nc3 0-0 5. e4 d6 6. Nge2 Nc6 7. 0-0 e5 8. d3 Nd7 9. Be3 Nc5 10. Qd2 Re8 11. Rae1 Ne6 12. f4 Ned4 13. Nd5 exf4 14. Ndxf4 Be6 15. b3 a5 16. Nxd4 Nxd4 17. Nd5 Bxd5 18. cxd5 Qd7 19. Qf2 c5 20. dxc6 Nxc6 21. d4 a4 22. Kh1 axb3 23. axb3 Nb4 24. Qd2 Qb5 25. Ra1 Ra6 26. Rfc1 Rxa1 27. Rxa1 Nc6 28. Rb1 Ra8 29. Bf1 Qa5 30. b4 Qa2 31. Qxa2 Rxa2 32. Bc4 Rc2 33. Bd5 Nxd4 34. Bxd4 Bxd4 1/2-1/2

[Event "Helsingor Xtracon op"]
[Site "Helsingor"]
[Date "2016.07.27"]
[Round "6"]
[White "Skjolas, Erling Dyrhaug"]
[Black "Bering, Anders"]
[Result "1-0"]
[WhiteElo "1709"]
[BlackElo "1967"]
[PlyCount "77"]
[EventDate "2016.07.23"]
[EventType "swiss"]
[EventRounds "10"]
[EventCountry "DEN"]
[SourceTitle "CBM 173 Extra"]
[Source "ChessBase"]
[SourceDate "2016.08.29"]
[SourceVersion "1"]
[SourceVersionDate "2016.08.29"]
[SourceQuality "1"]

1. c4 e5 2. g3 Nf6 3. Bg2 d5 4. cxd5 Nxd5 5. Nc3 Nb6 6. Nf3 Nc6 7. d3 Be7 8. 0-0 0-0 9. Be3 Be6 10. d4 exd4 11. Nxd4 Nxd4 12. Bxd4 c5 13. Be3 Nc4 14. Nd5 Nxe3 15. Nxe3 Qb6 16. b3 Rfd8 17. Nd5 Qd6 18. Nxe7+ Qxe7 19. Qc2 Rd7 20. Rad1 Rad8 21. Rxd7 Rxd7 22. Rd1 b6 23. Rxd7 Qxd7 24. Qd3 Qxd3 25. exd3 Bf5 26. Be4 Bxe4 27. dxe4 Kf8 28. Kf1 Ke7 29. Ke2 g5 30. f4 gxf4 31. gxf4 Kf6 32. Kd3 b5 33. Ke3 Kg6 34. Kd3 Kh5 35. e5 Kg6 36. Ke4 c4 37. f5+ Kg5 38. h4+ Kxh4 39. e6 1-0

[Event "NOR-ch U14"]
[Site "Hamar"]
[Date "2013.11.16"]
[Round "5"]
[White "Lopez, Martin"]
[Black "Skjolas, Erling Dyrhaug"]
[Result "0-1"]
[WhiteElo "947"]
[BlackElo "1548"]
[PlyCount "56"]
[EventDate "2013.11.15"]
[EventType "swiss"]
[EventRounds "7"]
[EventCountry "NOR"]
[SourceTitle "EXT 2024"]
[Source "ChessBase"]
[SourceDate "2023.10.10"]
[SourceVersion "1"]
[SourceVersionDate "2023.10.10"]
[SourceQuality "1"]

1. e4 e6 2. d4 d5 3. Nc3 Nf6 4. Bd3 c5 5. Nge2 Nc6 6. Bb5 Nxe4 7. Nxe4 dxe4 8. Bxc6+ bxc6 9. Be3 f5 10. dxc5 Qa5+ 11. c3 e5 12. b4 Qc7 13. g3 Be6 14. 0-0 Be7 15. f4 exf3 16. Rxf3 0-0 17. Qc2 a5 18. h3 Bf6 19. Rf2 axb4 20. c4 e4 21. Raf1 Ra3 22. Bf4 Be5 23. Bxe5 Qxe5 24. g4 Rxh3 25. gxf5 Rxf5 26. Rg2 Qxc5+ 27. Nd4 Qxd4+ 28. Rff2 Qa1+ 0-1

[Event "Politiken Cup 35th"]
[Site "Helsingor"]
[Date "2013.08.04"]
[Round "10"]
[White "Skjolas, Erling Dyrhaug"]
[Black "Bjorn, Lasse E"]
[Result "0-1"]
[WhiteElo "1581"]
[BlackElo "1810"]
[PlyCount "120"]
[EventDate "2013.07.27"]
[EventType "swiss"]
[EventRounds "10"]
[EventCountry "DEN"]
[SourceTitle "CBM 155 Extra"]
[Source "ChessBase"]
[SourceDate "2013.08.26"]
[SourceVersion "1"]
[SourceVersionDate "2013.08.26"]
[SourceQuality "1"]

1. e4 c5 2. Nf3 d6 3. d4 cxd4 4. Nxd4 Nf6 5. Nc3 g6 6. Be3 Bg7 7. f3 0-0 8. Qd2 Nc6 9. 0-0-0 Bd7 10. g4 Ne5 11. h4 h5 12. gxh5 Nxh5 13. Bh6 Rc8 14. Bxg7 Kxg7 15. Kb1 Nc4 16. Bxc4 Rxc4 17. Rdg1 a5 18. Rg5 f6 19. Rb5 Rxd4 20. Qxd4 Bxb5 21. Nxb5 Qd7 22. a4 Rc8 23. Re1 Rc5 24. Rd1 Qh3 25. Qf2 Nf4 26. Rg1 Kf7 27. Rg4 Ne6 28. Qg2 Qxg2 29. Rxg2 Rh5 30. Rg4 f5 31. exf5 Rxf5 32. Rg3 Rf4 33. Rh3 Rxa4 34. h5 g5 35. Nc3 Rh4 36. Rg3 Rxh5 37. Ne4 Kg6 38. Rg4 Rh3 39. f4 Kf5 40. Rg3 Rh1+ 41. Ka2 Kxe4 42. fxg5 Kf4 43. Ra3 b6 44. Rb3 Nc5 45. Rxb6 Kxg5 46. Rb5 a4 47. Rb4 Kf5 48. Rc4 Ke5 49. Rg4 Rf1 50. Rh4 Kd5 51. c4+ Kc6 52. Ka3 e5 53. Rh8 Rf4 54. Kb4 Rf3 55. Ka5 Rb3 56. Rh2 a3 57. bxa3 Rxa3+ 58. Kb4 Rb3+ 59. Ka5 Nd3 60. Ka4 Rb4+ 0-1

[Event "Politiken Cup 35th"]
[Site "Helsingor"]
[Date "2013.07.29"]
[Round "4"]
[White "Wimo, Jorgen"]
[Black "Skjolas, Erling Dyrhaug"]
[Result "1-0"]
[WhiteElo "1714"]
[BlackElo "1581"]
[PlyCount "81"]
[EventDate "2013.07.27"]
[EventType "swiss"]
[EventRounds "10"]
[EventCountry "DEN"]
[SourceTitle "CBM 155 Extra"]
[Source "ChessBase"]
[SourceDate "2013.08.26"]
[SourceVersion "1"]
[SourceVersionDate "2013.08.26"]
[SourceQuality "1"]

1. e4 e6 2. Nf3 d5 3. exd5 exd5 4. d4 Bd6 5. Bd3 Ne7 6. c3 Bf5 7. 0-0 Bxd3 8. Qxd3 0-0 9. Ng5 Ng6 10. Nh3 c6 11. f4 Qc7 12. g3 Nd7 13. f5 Ne7 14. Nd2 Nf6 15. Nf4 Qd7 16. Ng2 c5 17. Qf3 cxd4 18. cxd4 g6 19. Nb3 Qxf5 20. Qxf5 Nxf5 21. Bf4 Ne4 22. Bxd6 Nexd6 23. Rac1 Rac8 24. g4 Ne7 25. Nf4 Rc4 26. h3 Rfc8 27. Rce1 R8c7 28. Nd3 Nc6 29. Kg2 Ne4 30. Rc1 Nxd4 31. Nxd4 Rxd4 32. Rxc7 Rxd3 33. Rfxf7 Rd2+ 34. Kf1 Rd1+ 35. Ke2 Rd2+ 36. Ke3 Rxb2 37. Rg7+ Kf8 38. Rxh7 Kg8 39. Rhd7 Rf2 40. Rxd5 Rf8 41. Kxe4 1-0

[Event "NOR-ch Kadett-A"]
[Site "Lillehammer"]
[Date "2013.06.29"]
[Round "3"]
[White "Rodsmoen, Maud"]
[Black "Skjolas, Erling Dyrhaug"]
[Result "1-0"]
[WhiteElo "1722"]
[BlackElo "1399"]
[PlyCount "87"]
[EventDate "2013.06.29"]
[EventType "swiss"]
[EventRounds "9"]
[EventCountry "NOR"]
[SourceTitle "EXT 2017"]
[Source "ChessBase"]
[SourceDate "2016.10.25"]
[SourceVersion "1"]
[SourceVersionDate "2016.10.25"]
[SourceQuality "1"]

1. e4 e6 2. d4 d5 3. Nd2 Nf6 4. e5 Nfd7 5. Bd3 c5 6. c3 cxd4 7. cxd4 Nc6 8. Ne2 f6 9. exf6 Nxf6 10. Nf3 Bd6 11. 0-0 0-0 12. Bf4 Bxf4 13. Nxf4 Qd6 14. Ne2 Ng4 15. Ng3 e5 16. dxe5 Ncxe5 17. Nxe5 Qxe5 18. Qc2 g6 19. h3 Nxf2 20. Rxf2 Qxg3 21. Rxf8+ Kxf8 22. Qc5+ Kg7 23. Qxd5 Qe3+ 24. Kh1 Qe6 25. Qb5 a6 26. Qb4 b5 27. Re1 Qf6 28. Re7+ Kg8 29. Qe4 Rb8 30. Qd5+ Be6 31. Qxe6+ Qxe6 32. Rxe6 Rd8 33. Bf1 Rd1 34. Kg1 a5 35. Kf2 Rd2+ 36. Re2 Rxe2+ 37. Bxe2 b4 38. Ke3 Kf7 39. Kd4 Ke6 40. Kc4 Kd6 41. Kb5 g5 42. Kxa5 Kc5 43. Ka4 h6 44. Kb3 1-0

[Event "Politiken Cup 34th"]
[Site "Helsingor"]
[Date "2012.08.01"]
[Round "6"]
[White "Skjolas, Erling Dyrhaug"]
[Black "Nielsen, Leo Kresten Roland"]
[Result "0-1"]
[WhiteElo "1581"]
[BlackElo "1739"]
[PlyCount "57"]
[EventDate "2012.07.28"]
[EventType "swiss"]
[EventRounds "10"]
[EventCountry "DEN"]
[SourceTitle "CBM 149 Extra"]
[Source "ChessBase"]
[SourceDate "2012.08.24"]
[SourceVersion "1"]
[SourceVersionDate "2012.08.24"]
[SourceQuality "1"]

1. e4 e5 2. Nf3 Nc6 3. Bc4 a6 4. d4 Qe7 5. 0-0 h6 6. Nc3 d6 7. d5 Na5 8. Bd3 c5 9. dxc6 bxc6 10. b4 Nb7 11. Be3 Nf6 12. Bc4 g6 13. h3 Bg7 14. a4 Be6 15. Qd3 Bxc4 16. Qxc4 0-0 17. Qxc6 Rac8 18. Nd5 Nxd5 19. Qxd5 Rxc2 20. Rfc1 Rfc8 21. Rxc2 Rxc2 22. Rc1 Rxc1+ 23. Bxc1 Kf8 24. Qc6 f5 25. exf5 g5 26. Qxa6 e4 27. Nd2 e3 28. fxe3 Qxe3+ 29. Kf1 0-1

[Event "Politiken Cup 34th"]
[Site "Helsingor"]
[Date "2012.07.31"]
[Round "5"]
[White "Larsen, Hans Haagen"]
[Black "Skjolas, Erling Dyrhaug"]
[Result "1-0"]
[WhiteElo "1775"]
[BlackElo "1581"]
[PlyCount "141"]
[EventDate "2012.07.28"]
[EventType "swiss"]
[EventRounds "10"]
[EventCountry "DEN"]
[SourceTitle "CBM 149 Extra"]
[Source "ChessBase"]
[SourceDate "2012.08.24"]
[SourceVersion "1"]
[SourceVersionDate "2012.08.24"]
[SourceQuality "1"]

1. d4 e6 2. Nf3 d5 3. Bf4 Nf6 4. e3 Be7 5. Be2 0-0 6. c3 c5 7. Nbd2 c4 8. h4 Nc6 9. h5 h6 10. Qc2 b5 11. Ne5 Nxe5 12. dxe5 Nh7 13. Nf3 Bb7 14. Nd4 a6 15. g4 Qd7 16. a3 a5 17. f3 Bg5 18. Kf2 f6 19. Qg6 fxe5 20. Bxe5 Bf6 21. Bg3 Bxd4 22. exd4 Rf6 23. Qc2 Rf7 24. Raf1 Raf8 25. Kg2 Ng5 26. Be5 Qe7 27. Qg6 b4 28. axb4 axb4 29. Bd1 b3 30. Be2 Bc6 31. Qb1 Ra8 32. Qc1 Ra2 33. Rh2 Rf8 34. f4 Nf7 35. Kg3 Nxe5 36. dxe5 Qd8 37. Rhf2 Bd7 38. f5 exf5 39. gxf5 Qg5+ 40. Qxg5 hxg5 41. Bg4 Kh7 42. Rd2 Bc6 43. Bh3 Re8 44. e6 Ra7 45. Kg4 Kh6 46. Bg2 Rd8 47. f6 g6 48. hxg6 Kxg6 49. Rf5 Rh7 50. e7 Re8 51. Rff2 Bd7+ 52. Kg3 Be6 53. Bxd5 Bxd5 54. Rxd5 Rf7 55. Rd8 Rexe7 56. Rg8+ Kh7 57. fxe7 Rxe7 58. Rxg5 Kh6 59. Rg4 Re3+ 60. Kf4 Rh3 61. Ke4 Kh5 62. Rg8 Rh4+ 63. Kd5 Kh6 64. Rh8+ Kg5 65. Rg2+ Rg4 66. Rg8+ Kf5 67. R2xg4 Kf6 68. Rf4+ Ke7 69. Rg7+ Ke8 70. Rh7 Kd8 71. Rf8# 1-0

[Event "Politiken Cup 34th"]
[Site "Helsingor"]
[Date "2012.07.28"]
[Round "1"]
[White "Pedersen, Jan Kaas"]
[Black "Skjolas, Erling Dyrhaug"]
[Result "1-0"]
[WhiteElo "2044"]
[BlackElo "1581"]
[PlyCount "69"]
[EventDate "2012.07.28"]
[EventType "swiss"]
[EventRounds "10"]
[EventCountry "DEN"]
[SourceTitle "CBM 149 Extra"]
[Source "ChessBase"]
[SourceDate "2012.08.24"]
[SourceVersion "1"]
[SourceVersionDate "2012.08.24"]
[SourceQuality "1"]

1. d4 e6 2. Nf3 d5 3. Bg5 Nf6 4. e3 Be7 5. Nbd2 Nbd7 6. Bd3 c5 7. c3 c4 8. Bc2 0-0 9. h4 h6 10. Qb1 Bd6 11. e4 hxg5 12. hxg5 Nxe4 13. Nxe4 dxe4 14. Bxe4 f5 15. gxf6 Nxf6 16. Bg6 Bf4 17. g3 Bh6 18. Ne5 Qd5 19. Ke2 b5 20. Rh4 Bb7 21. f3 Nd7 22. Bh7+ Kh8 23. Ng6+ Kxh7 24. Ne7+ Qf5 25. Nxf5 exf5 26. g4 g5 27. Rh3 Kg6 28. gxf5+ Rxf5 29. Rxh6+ Kxh6 30. Qxf5 Re8+ 31. Kd2 Re7 32. Rh1+ Kg7 33. Rh7+ Kg8 34. Qg6+ Kf8 35. Rh8# 1-0

[Event "London e2e4 Diamond Jubilee op-B"]
[Site "London"]
[Date "2012.06.03"]
[Round "3"]
[White "Skjolas, Erling Dyrhaug"]
[Black "Billett, Stephen"]
[Result "1/2-1/2"]
[WhiteElo "1585"]
[BlackElo "1691"]
[PlyCount "39"]
[EventDate "2012.06.02"]
[EventType "swiss"]
[EventRounds "7"]
[EventCountry "ENG"]
[SourceTitle "EXT 2014"]
[Source "ChessBase"]
[SourceDate "2013.11.20"]
[SourceVersion "1"]
[SourceVersionDate "2013.11.20"]
[SourceQuality "1"]

1. e4 e6 2. d4 d5 3. Nc3 Bb4 4. e5 c5 5. a3 cxd4 6. axb4 dxc3 7. bxc3 Qc7 8. Bb5+ Bd7 9. Bxd7+ Nxd7 10. Qd4 Qxe5+ 11. Be3 Ne7 12. Qxe5 Nxe5 13. Rxa7 Rxa7 14. Bxa7 0-0 15. Bc5 Re8 16. Ne2 Nf5 17. 0-0 Ra8 18. f4 Nc4 19. Re1 h6 20. Kf2 1/2-1/2

[Event "London e2e4 Diamond Jubilee op-B"]
[Site "London"]
[Date "2012.05.06"]
[Round "7"]
[White "Foley, Phil T"]
[Black "Skjolas, Erling Dyrhaug"]
[Result "0-1"]
[WhiteElo "1662"]
[BlackElo "1585"]
[PlyCount "76"]
[EventDate "2012.06.02"]
[EventType "swiss"]
[EventRounds "7"]
[EventCountry "ENG"]
[SourceTitle "EXT 2014"]
[Source "ChessBase"]
[SourceDate "2013.11.20"]
[SourceVersion "1"]
[SourceVersionDate "2013.11.20"]
[SourceQuality "1"]

1. e4 e6 2. Nc3 d5 3. Nf3 Nf6 4. e5 Nfd7 5. d4 c5 6. Bg5 Be7 7. Bxe7 Qxe7 8. Nb5 Qd8 9. Nd6+ Ke7 10. Qd2 h6 11. c4 Nc6 12. cxd5 exd5 13. Nf5+ Kf8 14. Ne3 cxd4 15. Nxd4 Ndxe5 16. Nb3 d4 17. Nc2 d3 18. Ne3 Bh3 19. Nc1 Qd7 20. Kd1 Bg4+ 21. Ke1 Rd8 22. Nxg4 Qxg4 23. f3 Nxf3+ 24. gxf3 Qxf3 25. Nxd3 Re8+ 26. Be2 Qxh1+ 27. Kf2 Qxh2+ 28. Kf1 Qh1+ 29. Kf2 Qxa1 30. Nc1 a5 31. Bb5 Qb1 32. Bd3 Rd8 33. Qc3 Rxd3 34. Nxd3 Qxa2 35. Qc5+ Kg8 36. Qb5 Kh7 37. Qxb7 Qe6 38. Qb5 Re8 0-1